Visual LISP : a guide to artful programming /

Installing the artful programming API... Manipulating the AutoCAD user. Managing dialog boxes. Manipulating autoCAD drawings with activex automation. Making the most of activex automation. Introduction to reactors. Building and deploying applications.

Zapisane w:
Opis bibliograficzny
1. autor: Kreiker, Phil.
Format: Książka
Język:English
Wydane: Albany, NY : Autodesk Press, 2000.
Hasła przedmiotowe:
Etykiety: Dodaj etykietę
Nie ma etykietki, Dołącz pierwszą etykiete!
Thư viện lưu trữ: Mạng thư viện Đại học Đà Nẵng
LEADER 01111cam a2200337 i 4500
001 000049197
003 8931
005 20030312085648.0
008 010322|2000 vm 000 eng
020 |a 0766815498 
040 |a IRC  |c IRC  |d IRC 
041 0 |a eng 
082 1 4 |a 005.133  |b KR-P 
100 1 |a Kreiker, Phil. 
245 0 0 |a Visual LISP :  |b a guide to artful programming /  |c Phil Kreiker. 
260 |a Albany, NY :  |b Autodesk Press,  |c 2000. 
300 |a 389 p. ;  |c 23cm. 
520 3 |a Installing the artful programming API... Manipulating the AutoCAD user. Managing dialog boxes. Manipulating autoCAD drawings with activex automation. Making the most of activex automation. Introduction to reactors. Building and deploying applications. 
630 0 4 |a Computer program language. 
630 0 4 |a Visual LISP. 
650 0 4 |a Visual LISP (Computer program language) 
OWN |a DUT 
999 |a From the UDN01 
TYP |a Monograph 
TYP |a Printed language 
980 |a Mạng thư viện Đại học Đà Nẵng